000 01090cam a2200229 4500
001 L130553
008 050811n2005 000 0 eng u
035 _a(Sirsi) u130553
041 _aeng
050 _a352.5
_c18
110 _aRoyal Institution of Chartered Surveyors
_bPublic Affairs
_94679
245 _aAsset management in local authorities
260 _aLondon
_bRICS
_c2005
520 _aGuidance, commissioned by the ODPM and aimed at local authorities, on producing asset management plans. The guidelines place greater emphasis on service delivery and the links between effective property management and improved service delivery allowing local authorities to get better value from their property which makes an increased contribution to serving the authorities' strategic needs.
590 _aIKA160805
690 _aBlock management
_96220
700 _aBentley, David
700 _aJones, Keith
700 _aMason, Nigel
856 _uhttps://www.rics.org/RICSWEB/getpage.aspx?p=7GMyfr_qy0KTarmADXfznA
_zView the item free of charge at www.rics.org...
942 _n0
999 _c104479
_d104479